Art Déco (Record no. 6307)

MARC details
000 -CABECERA
campo de control de longitud fija 01003nam a2200289 a 4500
001 - NÚMERO DE CONTROL
campo de control BRCA_6623
005 - FECHA Y HORA DE LA ÚLTIMA TRANSACCIÓN
campo de control 20190320205531.0
008 - DATOS DE LONGITUD FIJA--INFORMACIÓN GENERAL
campo de control de longitud fija 051011s1974----sp-a######---#000-0#spa-#
020 ## - NÚMERO INTERNACIONAL ESTÁNDAR DEL LIBRO
Número Internacional Estándar del Libro 8425206073
041 ## - CÓDIGO DE LENGUA
Código de lengua del texto/banda sonora o título independiente spa
044 ## - CÓDIGO DEL PAÍS DE LA ENTIDAD EDITORA/PRODUCTORA
Código MARC del país sp
084 ## - OTRO NÚMERO DE CLASIFICACIÓN
Número de clasificación N6494.A7
Número de documento/Ítem .M34 1976
100 1# - ENTRADA PRINCIPAL--NOMBRE DE PERSONA
Nombre de persona Maenz, Paul
Fechas asociadas al nombre 1939-
9 (RLIN) 16582
245 10 - MENCIÓN DE TÍTULO
Título Art Déco
Resto del título 1920-1940 : formas entre dos guerras
Mención de responsabilidad, etc. P. Maenz ; versión castellana de Pere Ancochea Millet ; revisión técnica por Joaquim Romaguera i Ramió.
260 ## - PUBLICACIÓN, DISTRIBUCIÓN, ETC.
Lugar de publicación, distribución, etc. España
Nombre del editor, distribuidor, etc. Gustavo Gili
Fecha de publicación, distribución, etc. [1976]
300 ## - DESCRIPCIÓN FÍSICA
Extensión 266 p.
Otras características físicas il. (algunas a color)
Dimensiones 21 cm.
440 #0 - MENCIÓN DE SERIE/PUNTO DE ACCESO ADICIONAL--TÍTULO
Título Colección Comunicación Visual
9 (RLIN) 16583
500 ## - NOTA GENERAL
Nota general Incluye repertorio biográfico
500 ## - NOTA GENERAL
Nota general Traducción de: Art Deco: 1920-1940
500 ## - NOTA GENERAL
Nota general Donación Dra. Elsa Barberena
504 ## - NOTA DE BIBLIOGRAFÍA, ETC.
Nota de bibliografía, etc. Bibliografía: p. 263-266
650 14 - PUNTO DE ACCESO ADICIONAL DE MATERIA--TÉRMINO DE MATERIA
Término de materia o nombre geográfico como elemento de entrada Art decó
Subdivisión general Historia
9 (RLIN) 15380
700 1# - PUNTO DE ACCESO ADICIONAL--NOMBRE DE PERSONA
Nombre de persona Romaguera i Ramió, Joaquim
9 (RLIN) 16584
710 2# - PUNTO DE ACCESO ADICIONAL--NOMBRE DE ENTIDAD CORPORATIVA
Nombre de entidad corporativa o nombre de jurisdicción como elemento de entrada Ancochea Millet, Pere
Término indicativo de función/relación tr.
9 (RLIN) 16585
902 ## - CATALOGADOR
Iniciales DEB
942 ## - ELEMENTOS DE PUNTO DE ACCESO ADICIONAL (KOHA)
Fuente del sistema de clasificación o colocación Library of Congress Classification
Tipo de ítem Koha Libros
Holdings
Estado de retiro Estado de pérdida Estado dañado No para préstamo Localización permanente Ubicación/localización actual Fecha de adquisición Total de préstamos Signatura topográfica completa Código de barras Fecha visto por última vez Precio válido a partir de Tipo de ítem Koha
El ejemplar forma parte de la colección y puede ser consultado según las políticas vigentes.       Biblioteca del Museo Franz Mayer (Rogerio Casas-Alatriste) Biblioteca del Museo Franz Mayer (Rogerio Casas-Alatriste) 05/10/2011   N6494.A7 .M34 1976 DEB00070 22/03/2019 22/03/2019 Libros